000 00485nmm a2200145Ia 4500
008 251105s9999||||xx |||||||||||||||||und||
041 _aspa
100 _aVV. AA.
245 0 _aRutas comerciales españolas en Asia Oriental entre los siglos XVI y XVIII
264 _a[Madrid, España] :
_bMinisterio de Economía y Competitividad de España,
_c2019
300 _a86 páginas
650 _aHistory of Asia
856 _uhttps://public.digitaliapublishing.com/a/118728
942 _cCF
999 _c106655
_d106655